USING MULTIVARIATE STATISTICS (Record no. 15082)

MARC details
000 -LEADER
fixed length control field 00282nam a22001337a 4500
003 - CONTROL NUMBER IDENTIFIER
control field SGT
082 ## - DEWEY DECIMAL CLASSIFICATION NUMBER
Classification number 150
Item number U18T
100 ## - MAIN ENTRY--PERSONAL NAME
Personal name TABACHNICH, B.G.
245 ## - TITLE STATEMENT
Title USING MULTIVARIATE STATISTICS
250 ## - EDITION STATEMENT
Edition statement 6TH
260 ## - PUBLICATION, DISTRIBUTION, ETC. (IMPRINT)
Place of publication, distribution, etc INDIA
Name of publisher, distributor, etc PERSON
Year of Publication 2018
300 ## - PAGE DESCRIPTION
No. of Pages 1058
942 ## - ADDED ENTRY ELEMENTS (KOHA)
Source of classification or shelving scheme Dewey Decimal Classification
Koha item type Books
Holdings
Withdrawn status Lost status Source of classification or shelving scheme Damaged status Not for loan Collection code Home library Current library Shelving location Date acquired Vendor Name Cost, normal purchase price SGTU Bill Number Total Checkouts Total Renewals Full call number Accession No. (Barcode) Checked out Date last seen Date last borrowed Bill Date Koha item type
    Dewey Decimal Classification     MEDICAL SGT Medical Library SGT Medical Library Text Book 05/02/2018 ABC 799.00 SGTU 9089 4 1 150 U18T FM10458 01/07/2026 01/06/2026 01/06/2026 13/12/2017 Books
    Dewey Decimal Classification     MEDICAL SGT Medical Library SGT Medical Library Text Book 05/02/2018 ABC 799.00 SGTU 9089 1   150 U18T FM10459   05/05/2018 18/04/2018 13/12/2017 Books